General History of Africa. VII: Africa Under Colonial Domination 1880-1935. (Record no. 2486)

MARC details
000 -LEADER
fixed length control field 00418nam a22001217a 4500
005 - DATE AND TIME OF LATEST TRANSACTION
control field 20200916091740.0
008 - FIXED-LENGTH DATA ELEMENTS--GENERAL INFORMATION
fixed length control field 200916b ||||| |||| 00| 0 eng d
020 ## - INTERNATIONAL STANDARD BOOK NUMBER
International Standard Book Number 043594813x
040 ## - CATALOGING SOURCE
Transcribing agency CML
245 ## - TITLE STATEMENT
Title General History of Africa. VII: Africa Under Colonial Domination 1880-1935.
Statement of responsibility, etc. Boahen, A.A.
260 ## - PUBLICATION, DISTRIBUTION, ETC.
Place of publication, distribution, etc. London
Name of publisher, distributor, etc. Heinemann Educational Books Ltd
Date of publication, distribution, etc. 1985
942 ## - ADDED ENTRY ELEMENTS (KOHA)
Source of classification or shelving scheme Dewey Decimal Classification
Koha item type Books
Edition 1st Edition
Classification part 960
Call number suffix BOA
Holdings
Withdrawn status Lost status Source of classification or shelving scheme Damaged status Not for loan Collection code Home library Current library Shelving location Date acquired Total Checkouts Full call number Date last seen Copy number Price effective from Koha item type
    Dewey Decimal Classification     Geography & History Chalimbana Main Library Chalimbana Main Library Geography & History 09/16/2020   960 BOA 09/16/2020 1 09/16/2020 Books

Powered by Koha